| 000 | 00626nam a2200205Ia 4500 | ||
|---|---|---|---|
| 001 | 14588 | ||
| 003 | GE_BSU | ||
| 008 | 181216s||||||||xx |||||||||||||| ||und|| | ||
| 040 | _cGE_BSU | ||
| 245 | _aУспехи геронтологии. том 27. №3 2014 | ||
| 245 | _bAdvances in gerontology | ||
| 245 | _cгл. ред. В.Н. Анисимов и др. | ||
| 260 | _aСанкт-Петербург | ||
| 260 | _c2014 | ||
| 300 | _a596стр.29см. | ||
| 653 | _aПериодика | ||
| 653 | _aУспехи геронтологии. том 27. №3 2014 | ||
| 653 | _aპერიოდიკა | ||
| 942 | _cCR | ||
| 999 |
_c47717 _d47717 |
||